| 000 | 00596 a2200241 4500 | ||
|---|---|---|---|
| 260 | _aParis | ||
| 630 | _a62 - Ingenierie. Art de lingenieur. Technologie en general | ||
| 037 | _b1, CIUF | ||
| 650 | _a6 - SCIENCES APPLIQUEES | ||
| 100 | _aKattnig, Cécile | ||
| 260 | _bA. Colin | ||
| 245 | _aGestion et diffusion d'un fond d'image | ||
| 300 | _a127 p | ||
| 650 | _aImage : transmission | ||
| 260 | _c2005 | ||
| 300 | _b18 cm | ||
| 100 | _lFr | ||
| 440 | _aCollection 128 Information documentation | ||
| 037 | _a07/020 | ||
| 020 | _a2-20034434-1 | ||
| 999 |
_c45665 _d45665 |
||